000 00584nam a2200205Ia 4500
003 OSt
005 20220926040952.0
006 a|||||r|||| 00| 0
007 ta
008 220923b |||||||| |||| 00| 0 eng d
037 _cGeneral Book
040 _aRTL
_cRTL
_beng
041 _2eng
_aeng
082 _aXp1:N27, F7
100 _aInterntaional Economic Conference. Geneva.1927
_9344380
245 0 _aFinal Report
500 _aL.o.N.,1927,II,46(a)
942 _hXp1:N27, F7
_cGB
_2CC
999 _c666089
_d666089